| 000 | 00711nam a2200265Ia 4500 | ||
|---|---|---|---|
| 005 | 20260121170600.0 | ||
| 008 | 008 260114s9999 xx 000 0 eng d | ||
| 020 | _a9784431559306 | ||
| 037 | _aEBOOK | ||
| 040 | _aCRL | ||
| 040 | _beng | ||
| 040 | _cCRL | ||
| 041 | _2eng | ||
| 041 | _aeng | ||
| 084 | _qCRL | ||
| 100 |
_aNaoto Kunitomo, Seisho Sato, Daisuke Kurisu _91065655 |
||
| 245 | 0 | _aSeparating Information Maximum Likelihood Method for High-Frequency Financial Data | |
| 260 | _bSpringer | ||
| 260 | _bSpringer | ||
| 260 | _c2018 | ||
| 856 | _uhttps://link.springer.com/openurl?genre=book&isbn=978-4-431-55930-6 | ||
| 942 | _cEBOOK | ||
| 999 |
_c1631385 _d1631385 |
||